[Event "XI Torneo Leonardo di Bona Magistrale"]
[Site "Cutro ITA"]
[Date "2005.04.27"]
[Round "5"]
[White "Hocevar, Nikola"]
[Black "Sautto, Alessandra"]
[Result "1-0"]
[WhiteElo "2092"]
[BlackElo "1968"]
[PlyCount "73"]
[EventDate "2005.04.23"]

1. c4 e6 2. Nc3 d5 3. d4 Nf6 4. cxd5 exd5 5. Bg5 Be7 6. e3 c6 7. Qc2 h6 8. Bh4
Nbd7 9. Nf3 O-O 10. Be2 Re8 11. O-O Ne4 12. Nxe4 Bxh4 13. Nd6 Rf8 14. Qf5 Be7
15. Nxc8 Qxc8 16. Rab1 a5 17. a3 Nf6 18. Qc2 a4 19. Ne5 Qc7 20. f4 Bd6 21. Qf5
Qc8 22. Qc2 Qc7 23. Rbc1 Ne4 24. Bd3 Nf6 25. Rf3 Qe7 26. g4 Bxe5 27. dxe5 Nd7
28. g5 h5 29. Bf5 Nb6 30. g6 fxg6 31. Bxg6 Qh4 32. Qg2 Rac8 33. Rh3 Qg4 34. Rg3
Qh4 35. Rg5 Nc4 36. Rxh5 Qd8 37. Rh8+ 1-0

[Event "XI Torneo Leonardo di Bona Magistrale"]
[Site "Cutro ITA"]
[Date "2005.04.27"]
[Round "5"]
[White "Kasparov, Sergey"]
[Black "Starostits, Ilmars"]
[Result "1/2-1/2"]
[WhiteElo "2461"]
[BlackElo "2450"]
[PlyCount "81"]
[EventDate "2005.04.23"]

1. e4 d5 2. exd5 Nf6 3. d4 Nxd5 4. Be2 Nc6 5. c4 Nb6 6. d5 Ne5 7. Qd4 Ng6 8.
Nf3 e6 9. Nc3 c5 10. dxc6 Qxd4 11. Nxd4 bxc6 12. O-O Bb7 13. Be3 O-O-O 14. c5
Na8 15. b4 Nc7 16. Rfd1 f5 17. Bc4 Re8 18. f4 Be7 19. Rac1 Bf6 20. g3 Bxd4 21.
Bxd4 e5 22. Bxe5 Nxe5 23. fxe5 Rxe5 24. Re1 Rhe8 25. Kf2 Ba6 26. Rxe5 Rxe5 27.
Bg8 h6 28. Re1 Rxe1 29. Kxe1 Kd7 30. Kd2 g5 31. Ke3 Ke7 32. a4 Kf6 33. Kd4 Bf1
34. Bc4 Bxc4 35. Kxc4 a6 36. b5 axb5+ 37. axb5 cxb5+ 38. Nxb5 Nxb5 39. Kxb5 f4
40. gxf4 gxf4 41. Kc4 1/2-1/2

[Event "XI Torneo Leonardo di Bona Magistrale"]
[Site "Cutro ITA"]
[Date "2005.04.27"]
[Round "5"]
[White "Kasparova, Tatiana"]
[Black "Mrdja, Milan"]
[Result "1-0"]
[WhiteElo "2240"]
[BlackElo "2373"]
[PlyCount "65"]
[EventDate "2005.04.23"]

1. e4 Nf6 2. Nc3 d5 3. exd5 Nxd5 4. Be2 c5 5. Bf3 Nc7 6. Nge2 e5 7. d3 Be7 8.
O-O O-O 9. Re1 Nd7 10. Nd5 Nxd5 11. Bxd5 Nb6 12. Bf3 Qc7 13. Nc3 Be6 14. a4
Rad8 15. a5 Nd5 16. Nxd5 Bxd5 17. b3 f6 18. Bxd5+ Rxd5 19. Qg4 Qd7 20. Qc4 Kh8
21. Bb2 Rd8 22. Qe4 g5 23. h4 gxh4 24. Qxh4 Rg8 25. Ra4 Bd8 26. Qh5 c4 27. Rxc4
Rxa5 28. Bc3 Ra2 29. d4 b5 30. dxe5 bxc4 31. exf6 Rxc2 32. f7+ Rxc3 33. Qe5+
1-0

[Event "XI Torneo Leonardo di Bona Magistrale"]
[Site "Cutro ITA"]
[Date "2005.04.27"]
[Round "5"]
[White "Lazic, Miroljub"]
[Black "Karpatchev, Aleksandr"]
[Result "0-1"]
[WhiteElo "2500"]
[BlackElo "2472"]
[PlyCount "134"]
[EventDate "2005.04.23"]

1. e4 e5 2. Nf3 Nf6 3. Nc3 Nc6 4. d4 Bb4 5. d5 Ne7 6. Nxe5 d6 7. Nd3 Bxc3+ 8.
bxc3 Nxe4 9. Qf3 Nf6 10. c4 Bg4 11. Qf4 Ng6 12. Qd4 O-O 13. f3 Re8+ 14. Kf2 Bd7
15. Be2 c5 16. dxc6 Bxc6 17. Re1 Qa5 18. Bb2 Qd2 19. Qc3 Qh6 20. Kg1 Nh4 21.
Qd4 Qg5 22. Qf2 Rxe2 23. Rxe2 Nxf3+ 24. Kh1 Ng4 25. Qg3 Nfxh2 26. Bc1 Qf6 27.
Bb2 Qg5 28. Rae1 h6 29. Bd4 Qf5 30. Bg1 Nf3 31. gxf3 Bxf3+ 32. Rg2 Qh5+ 33. Bh2
Bxg2+ 34. Kxg2 Nxh2 35. Qxh2 Qg4+ 36. Qg3 Qxc4 37. Nf4 Qxc2+ 38. Re2 Qf5 39.
Rd2 Rc8 40. Nd5 Qe4+ 41. Kh2 Qe6 42. Rg2 g6 43. Qf3 Rc5 44. Nf6+ Kg7 45. Nh5+
Kh8 46. Qf6+ Qxf6 47. Nxf6 Re5 48. Ng4 Rh5+ 49. Kg3 Kg7 50. Rd2 Ra5 51. Rxd6 h5
52. Nf2 Rxa2 53. Rd7 h4+ 54. Kf3 b5 55. Rb7 a6 56. Ng4 Ra3+ 57. Kf2 Ra4 58. Kf3
g5 59. Ne5 Rf4+ 60. Kg2 g4 61. Nd3 Rd4 62. Ne5 Kf6 63. Nxf7 Rd2+ 64. Kg1 g3 65.
Nh6 h3 66. Ng4+ Ke6 67. Rb6+ Rd6 0-1

[Event "XI Torneo Leonardo di Bona Magistrale"]
[Site "Cutro ITA"]
[Date "2005.04.27"]
[Round "5"]
[White "Marholev, Dimitar"]
[Black "Panarello, Giuseppe"]
[Result "1-0"]
[WhiteElo "2395"]
[BlackElo "2006"]
[PlyCount "93"]
[EventDate "2005.04.23"]

1. e4 c5 2. Nc3 d6 3. Nge2 Nf6 4. d4 cxd4 5. Nxd4 a6 6. Bg5 e6 7. Qe2 Be7 8.
O-O-O Nbd7 9. f4 Qa5 10. g4 h6 11. Bxf6 Bxf6 12. h4 Qb4 13. a3 Qc5 14. Nb3 Qc7
15. Rh3 b5 16. Rhd3 Be7 17. g5 Rb8 18. Bh3 Nc5 19. Nxc5 Qxc5 20. b4 Qc4 21. g6
O-O 22. f5 fxg6 23. fxe6 Bxh4 24. Qg4 Bg5+ 25. Kb1 Rf4 26. Qg3 Bxe6 27. Bxe6+
Qxe6 28. Rxd6 Qc4 29. R6d4 Qe6 30. Rd6 Qc4 31. Nd5 Rf1 32. Rxf1 Qxf1+ 33. Ka2
Rc8 34. Qb3 Kh8 35. Rxg6 Qe1 36. Qb2 Rg8 37. Qe5 Qf2 38. Qc3 Kh7 39. Rxa6 Qf7
40. Qd3 Rf8 41. Qxb5 Bf4 42. Qc5 Be5 43. Ra7 Qf3 44. Re7 Ra8 45. b5 Bd4 46.
Qxd4 Rxa3+ 47. Kb2 1-0

[Event "XI Torneo Leonardo di Bona Magistrale"]
[Site "Cutro ITA"]
[Date "2005.04.27"]
[Round "5"]
[White "Miladinovic, Igor"]
[Black "Zaja, Ivan"]
[Result "1-0"]
[WhiteElo "2604"]
[BlackElo "2489"]
[PlyCount "57"]
[EventDate "2005.04.23"]

1. d4 e6 2. e4 d5 3. Nc3 Bb4 4. a3 Bxc3+ 5. bxc3 dxe4 6. Qg4 Nf6 7. Qxg7 Rg8 8.
Qh6 b6 9. a4 Rg6 10. Qe3 Bb7 11. a5 Ng4 12. Qe2 Qd5 13. Qb5+ Qxb5 14. Bxb5+ Bc6
15. Bf1 Nd7 16. Ne2 e5 17. h3 Ngf6 18. dxe5 Nxe5 19. Bf4 Nfd7 20. Nd4 Bd5 21.
Nb5 Rc6 22. axb6 cxb6 23. O-O-O Be6 24. Nd6+ Ke7 25. Nxe4 Nc4 26. Bxc4 Rxc4 27.
Rhe1 f6 28. Bd6+ Kf7 29. Bb4 1-0

[Event "XI Torneo Leonardo di Bona Magistrale"]
[Site "Cutro ITA"]
[Date "2005.04.27"]
[Round "5"]
[White "Napoli, Nicolo'"]
[Black "Blasco, Domenico"]
[Result "1-0"]
[WhiteElo "2205"]
[BlackElo "2004"]
[PlyCount "57"]
[EventDate "2005.04.23"]

1. e4 g6 2. d4 Bg7 3. Nc3 c6 4. Bc4 d6 5. Qf3 e6 6. Nge2 Qe7 7. h4 h5 8. a3 e5
9. Bg5 Bf6 10. dxe5 dxe5 11. Qe3 Be6 12. Bxe6 Qxe6 13. O-O-O Ne7 14. f4 Nd7 15.
Rhf1 Bxg5 16. hxg5 exf4 17. Nxf4 Qg4 18. Qd4 O-O-O 19. Qxa7 Qxg5 20. Kb1 Ne5
21. Qa8+ Kc7 22. Qa5+ Kc8 23. Nd3 f6 24. Nc5 Rxd1+ 25. Rxd1 Nd5 26. Qa8+ Kc7
27. Qxb7+ Kd6 28. exd5 Nc4 29. N5e4+ 1-0

[Event "XI Torneo Leonardo di Bona Magistrale"]
[Site "Cutro ITA"]
[Date "2005.04.27"]
[Round "5"]
[White "Rizzo, Giovanbattista"]
[Black "Parrella, Alfredo"]
[Result "1-0"]
[WhiteElo "2088"]
[BlackElo "2176"]
[PlyCount "107"]
[EventDate "2005.04.23"]

1. d4 Nf6 2. c4 e6 3. Nc3 d5 4. cxd5 exd5 5. Bg5 c6 6. e3 Be7 7. Bd3 Nbd7 8.
Qc2 h6 9. Bf4 Nf8 10. h3 Bd6 11. Bxd6 Qxd6 12. Nge2 Be6 13. O-O-O O-O-O 14. Nb5
Qb4 15. Kb1 Kb8 16. a3 Qe7 17. Nbc3 Bd7 18. Ng3 g6 19. Rhe1 Ne6 20. f3 Qd6 21.
Qf2 Bc8 22. Bc2 Ng7 23. e4 Qc7 24. e5 Nfh5 25. Nge2 Ne6 26. f4 Nf8 27. g4 Ng7
28. Ng3 h5 29. f5 gxf5 30. Nxf5 Nxf5 31. gxf5 Nd7 32. Re2 Nb6 33. b3 Qe7 34.
Ka2 Rdg8 35. Rg1 Qf8 36. Ree1 Qh6 37. Kb2 h4 38. Nd1 a5 39. Ne3 Rg3 40. Rxg3
hxg3 41. Qxg3 Ka7 42. Ng4 Qg5 43. Qe3 Qd8 44. Qc3 a4 45. e6 fxe6 46. fxe6 axb3
47. Bxb3 Re8 48. e7 Rxe7 49. Rxe7 Qxe7 50. Qa5+ Kb8 51. Qxb6 Qe2+ 52. Bc2 Bxg4
53. hxg4 Qxg4 54. a4 1-0

[Event "XI Torneo Leonardo di Bona Magistrale"]
[Site "Cutro ITA"]
[Date "2005.04.27"]
[Round "5"]
[White "Roeder, Matthias"]
[Black "Brancaleoni, Maurizio"]
[Result "1/2-1/2"]
[WhiteElo "2404"]
[BlackElo "2296"]
[PlyCount "29"]
[EventDate "2005.04.23"]

1. Nf3 d5 2. c4 e6 3. b3 Nf6 4. Bb2 Be7 5. g3 O-O 6. Bg2 b6 7. O-O Bb7 8. e3
Nbd7 9. Nc3 Nc5 10. Ne5 a5 11. Qc2 a4 12. d4 a3 13. Bxa3 Rxa3 14. dxc5 Bxc5 15.
Nb5 1/2-1/2

[Event "XI Torneo Leonardo di Bona Magistrale"]
[Site "Cutro ITA"]
[Date "2005.04.27"]
[Round "5"]
[White "Santurbano, Maria Vincenza"]
[Black "Parrotta, Daniele"]
[Result "0-1"]
[WhiteElo "2043"]
[BlackElo "2006"]
[PlyCount "112"]
[EventDate "2005.04.23"]

1. Nf3 Nf6 2. c4 c5 3. g3 d5 4. cxd5 Nxd5 5. Bg2 Nc6 6. Qc2 e6 7. a3 Be7 8. e4
Nc7 9. e5 O-O 10. O-O Nb5 11. Nc3 Nbd4 12. Nxd4 Nxd4 13. Qd1 Qc7 14. Re1 Bd7
15. d3 Bc6 16. Ne4 Qxe5 17. Bf4 Qf5 18. Nd6 Bxd6 19. Bxd6 Rfd8 20. Bf4 Bxg2 21.
Kxg2 Qd5+ 22. f3 f6 23. Be3 e5 24. Bxd4 Qxd4 25. Qb3+ Qd5 26. Qxd5+ Rxd5 27.
Re3 Rad8 28. b4 b6 29. bxc5 bxc5 30. Rc1 Rxd3 31. Re4 Rc8 32. Ra4 Rc7 33. Rc2
Rd4 34. Ra6 c4 35. Kf2 Kf7 36. Ke3 f5 37. Rc3 Rcd7 38. Ke2 Rc7 39. Ke3 Ke7 40.
Ra5 Ke6 41. Ra6+ Rd6 42. Ra5 g5 43. f4 gxf4+ 44. gxf4 e4 45. Re5+ Kf6 46. Ke2
Rd3 47. Rxd3 exd3+ 48. Kd1 c3 49. Rd5 d2 50. Kc2 Ke6 51. Re5+ Kd6 52. Rxf5 Re7
53. Rf8 Kd7 54. Rf5 Re1 55. Rd5+ Kc6 56. Rd8 Rc1+ 0-1

[Event "XI Torneo Leonardo di Bona Magistrale"]
[Site "Cutro ITA"]
[Date "2005.04.27"]
[Round "5"]
[White "Voiska, Margarita"]
[Black "Van Hoolandt, Patrick"]
[Result "1/2-1/2"]
[WhiteElo "2340"]
[BlackElo "2181"]
[PlyCount "46"]
[EventDate "2005.04.23"]

1. Nf3 Nf6 2. d4 e6 3. g3 b5 4. Qd3 a6 5. Bg5 Bb7 6. Bg2 d5 7. Nbd2 Be7 8. O-O
Nbd7 9. Nb3 Ra7 10. c3 Ne4 11. Bxe7 Qxe7 12. Ne5 Nec5 13. dxc5 Nxe5 14. Qd4 f6
15. f4 Nc6 16. Qe3 Ra8 17. f5 exf5 18. Qf2 Rd8 19. Qxf5 Ne5 20. Qf2 O-O 21. Na5
Bc8 22. h3 c6 23. Rad1 Rfe8 1/2-1/2

[Event "XI Torneo Leonardo di Bona Magistrale"]
[Site "Cutro ITA"]
[Date "2005.04.28"]
[Round "6"]
[White "Cordi', Domenico"]
[Black "Abatino, Maurizio"]
[Result "0-1"]
[WhiteElo "2084"]
[BlackElo "2214"]
[PlyCount "92"]
[EventDate "2005.04.23"]

1. d4 Nf6 2. c4 b6 3. Nc3 Bb7 4. Nf3 e6 5. a3 Be7 6. e3 O-O 7. Bd3 d5 8. cxd5
exd5 9. b4 Ne4 10. Bxe4 dxe4 11. Nd2 f5 12. O-O Nd7 13. Bb2 Nf6 14. Qc2 Bd6 15.
Rfd1 c6 16. h3 Rc8 17. Nc4 Bb8 18. Ne5 Qe8 19. Qb3+ Kh8 20. Ne2 Nd7 21. Qc3 c5
22. Nxd7 cxb4 23. Qxb4 Qxd7 24. d5 Qd6 25. Nf4 Rfd8 26. Qd4 Rd7 27. Rd2 Ba6 28.
Qa4 Bc4 29. Qd1 Kg8 30. h4 Qh6 31. g3 Bxf4 32. exf4 Bd3 33. Rc1 Rxc1 34. Qxc1
Qd6 35. Qc8+ Kf7 36. Qh8 Kg6 37. h5+ Kh6 38. f3 Qxd5 39. g4 fxg4 40. fxg4 e3
41. Bxg7+ Rxg7 42. g5+ Kxh5 43. Rh2+ Kg4 44. Qxg7 e2 45. Qc3 Qc5+ 46. Qxc5
e1=Q+ 0-1

[Event "XI Torneo Leonardo di Bona Magistrale"]
[Site "Cutro ITA"]
[Date "2005.04.28"]
[Round "6"]
[White "Drasko, Milan"]
[Black "Miladinovic, Igor"]
[Result "1/2-1/2"]
[WhiteElo "2510"]
[BlackElo "2604"]
[PlyCount "113"]
[EventDate "2005.04.23"]

1. d4 d5 2. c4 Nc6 3. Nc3 Nf6 4. Nf3 dxc4 5. e3 Bg4 6. Bxc4 e6 7. h3 Bh5 8. O-O
a6 9. Be2 Bd6 10. b3 Qe7 11. Bb2 Rd8 12. Rc1 Nb4 13. a3 Nbd5 14. b4 O-O 15. Nd2
Bxe2 16. Nxe2 Nh5 17. e4 Ndf4 18. Nxf4 Nxf4 19. Nc4 c6 20. Rc3 Bb8 21. Rg3 f5
22. Re1 Ng6 23. Rd3 Qh4 24. e5 Qe7 25. Qf3 Qf7 26. a4 Ne7 27. Ba3 Nd5 28. Rb1
Rfe8 29. b5 cxb5 30. axb5 Rc8 31. Bc5 a5 32. b6 g5 33. Ra3 Qg6 34. Re1 h5 35.
g4 Red8 36. gxh5 Qh6 37. Kh1 Rd7 38. Rxa5 Rg7 39. Ne3 g4 40. hxg4 fxg4 41. Nxg4
Qxh5+ 42. Nh2 Qxf3+ 43. Nxf3 Kf7 44. Ra2 Nf4 45. Nh2 Nd3 46. Rg1 Rxg1+ 47. Kxg1
Bxe5 48. Nf3 Bf4 49. Ra5 e5 50. Bd6 Rc1+ 51. Kg2 e4 52. Bxf4 Nxf4+ 53. Kh2 exf3
54. Rf5+ Ke6 55. Rxf4 Rb1 56. Kg3 Rxb6 57. Kxf3 1/2-1/2

[Event "XI Torneo Leonardo di Bona Magistrale"]
[Site "Cutro ITA"]
[Date "2005.04.28"]
[Round "6"]
[White "Georgiev, Krum I."]
[Black "Kasparova, Tatiana"]
[Result "1-0"]
[WhiteElo "2457"]
[BlackElo "2240"]
[PlyCount "79"]
[EventDate "2005.04.23"]

1. e4 c6 2. Nc3 d5 3. Nf3 Bg4 4. Be2 Nf6 5. e5 Nfd7 6. Ng5 Bxe2 7. Qxe2 e6 8.
d4 Be7 9. Qh5 Bxg5 10. Bxg5 Qb6 11. O-O-O Nf8 12. f4 Na6 13. Rhf1 h6 14. Bh4 g6
15. Qe2 Kd7 16. g4 Re8 17. Bf6 Rh7 18. f5 Nc7 19. Rf3 Kc8 20. a4 Qa5 21. Kb1
Qb4 22. Qd3 a6 23. b3 Kb8 24. Na2 Qa5 25. Rdf1 Rc8 26. Be7 exf5 27. gxf5 g5 28.
Rh3 Rh8 29. Bxg5 b5 30. Bd2 Qb6 31. a5 Qb7 32. Rg1 Ne8 33. Rxh6 Rxh6 34. Bxh6
Nd7 35. Bf4 Nf8 36. b4 Ka7 37. Nc1 Qb8 38. Qe3 Qb7 39. Nd3 Nc7 40. Rg7 1-0

[Event "XI Torneo Leonardo di Bona Magistrale"]
[Site "Cutro ITA"]
[Date "2005.04.28"]
[Round "6"]
[White "Isonzo, David"]
[Black "Bratanov, Zsivko"]
[Result "0-1"]
[WhiteElo "2325"]
[BlackElo "2423"]
[PlyCount "117"]
[EventDate "2005.04.23"]

1. d4 d5 2. c4 c6 3. cxd5 cxd5 4. Nc3 Nf6 5. Bf4 Nc6 6. e3 a6 7. Bd3 Bg4 8.
Nge2 e6 9. h3 Bh5 10. O-O Bg6 11. Rc1 Be7 12. Bxg6 hxg6 13. Na4 Nd7 14. Qb3 Ra7
15. Rfd1 O-O 16. Nc5 Nxc5 17. dxc5 f5 18. Nd4 Qd7 19. Nxc6 bxc6 20. Be5 Rb7 21.
Qa4 Ra8 22. Qd4 Bf8 23. Qf4 a5 24. Qg3 Kf7 25. Bd4 a4 26. Qf4 Kg8 27. Qg3 Qf7
28. Qf4 Be7 29. Rc2 Bd8 30. Be5 Bc7 31. Rd4 g5 32. Qg3 Bd8 33. f4 Qh5 34. Qf2
Be7 35. Rd3 Kf7 36. fxg5 Bxg5 37. Rd4 Qh6 38. Bf4 e5 39. Bxg5 Qxg5 40. Rg4 Qf6
41. Rg3 g6 42. Rf3 Ke6 43. Qd2 Qh4 44. Kh2 Qe4 45. Qf2 Kf6 46. g4 Rab8 47. b3
axb3 48. axb3 Ra8 49. Re2 Rh7 50. Qg2 Ra3 51. gxf5 g5 52. Rg3 Qxg2+ 53. Kxg2
Rxb3 54. e4 Rxg3+ 55. Kxg3 dxe4 56. Rxe4 Rd7 57. h4 Kxf5 58. Rc4 Rd4 59. Rxd4
0-1

[Event "XI Torneo Leonardo di Bona Magistrale"]
[Site "Cutro ITA"]
[Date "2005.04.28"]
[Round "6"]
[White "Ivanov, Mikhail M."]
[Black "Velikov, Petar V."]
[Result "1-0"]
[WhiteElo "2418"]
[BlackElo "2427"]
[PlyCount "95"]
[EventDate "2005.04.23"]

1. d4 d5 2. Nf3 c6 3. c4 Nf6 4. e3 Bf5 5. Nc3 e6 6. Nh4 Bg6 7. Be2 Nbd7 8. Bd2
Be7 9. Rc1 a6 10. Nxg6 hxg6 11. Qb3 Qb6 12. Qxb6 Nxb6 13. c5 Nbd7 14. b4 e5 15.
a4 exd4 16. exd4 Nf8 17. O-O Ne6 18. Be3 Nd7 19. Bd3 f5 20. g4 O-O 21. f4 Nf6
22. gxf5 Ng4 23. fxe6 Nxe3 24. Bxg6 Nxf1 25. Rxf1 Bf6 26. Ne2 a5 27. b5 b6 28.
Bd3 Rfc8 29. Rc1 Rab8 30. f5 Bg5 31. Rc3 cxb5 32. Bxb5 bxc5 33. dxc5 Rxc5 34.
Rxc5 Be3+ 35. Kg2 Bxc5 36. Nf4 d4 37. Kf3 Be7 38. Ng6 Rb7 39. Ke4 Bf6 40. h4
Kh7 41. Nf4 Rc7 42. Nd5 Rc1 43. Nxf6+ gxf6 44. Kxd4 Re1 45. Kc5 Kg7 46. Kd6
Rd1+ 47. Ke7 Rd5 48. Bd7 1-0

[Event "XI Torneo Leonardo di Bona Magistrale"]
[Site "Cutro ITA"]
[Date "2005.04.28"]
[Round "6"]
[White "Karpatchev, Aleksandr"]
[Black "Kasparov, Sergey"]
[Result "0-1"]
[WhiteElo "2472"]
[BlackElo "2461"]
[PlyCount "122"]
[EventDate "2005.04.23"]

1. e4 c6 2. d4 d5 3. Nc3 dxe4 4. Nxe4 Bf5 5. Ng3 Bg6 6. h4 h6 7. Nf3 Nd7 8. h5
Bh7 9. Bd3 Bxd3 10. Qxd3 e6 11. Bf4 Bb4+ 12. c3 Be7 13. O-O-O Ngf6 14. Kb1 O-O
15. Ne5 Qa5 16. Nxd7 Nxd7 17. Ne4 Nf6 18. f3 Rad8 19. Be5 Nxe4 20. Qxe4 Bd6 21.
c4 Rd7 22. Bxd6 Rxd6 23. Qe5 Qd8 24. Rh3 Qd7 25. f4 f6 26. Qe4 Rd8 27. Rhd3 b5
28. b3 bxc4 29. bxc4 Qf7 30. Qf3 Qb7+ 31. Rb3 Qa6 32. Qd3 c5 33. Ra3 Qb7+ 34.
Rb3 Qxg2 35. Qg6 Qxg6+ 36. hxg6 Kf8 37. d5 f5 38. Rb7 Rb6+ 39. Rxb6 axb6 40.
Kc2 exd5 41. cxd5 Rd6 42. Kc3 Ke7 43. Kc4 Rxg6 44. a4 Rg2 45. a5 bxa5 46. Kxc5
Rc2+ 47. Kd4 Rf2 48. Ke5 g6 49. Rb1 Re2+ 50. Kd4 Re4+ 51. Kc5 Rxf4 52. d6+ Kd7
53. Rb7+ Ke6 54. Re7+ Kf6 55. Re8 Rf1 56. d7 Rc1+ 57. Kb6 Rd1 58. d8=Q+ Rxd8
59. Rxd8 g5 60. Kc5 Ke5 61. Re8+ Kf4 0-1

[Event "XI Torneo Leonardo di Bona Magistrale"]
[Site "Cutro ITA"]
[Date "2005.04.28"]
[Round "6"]
[White "Lazic, Miroljub"]
[Black "Ninov, Nikolai Ivanov"]
[Result "1/2-1/2"]
[WhiteElo "2500"]
[BlackElo "2486"]
[PlyCount "112"]
[EventDate "2005.04.23"]

1. d4 Nf6 2. Nf3 e6 3. g3 b5 4. Bg2 Bb7 5. O-O c5 6. Bg5 Be7 7. dxc5 Na6 8. Nc3
Nxc5 9. Nxb5 Qb6 10. Bxf6 gxf6 11. Nbd4 Qxb2 12. Qd2 Ne4 13. Qh6 Nc3 14. a4 Rc8
15. Qg7 Rf8 16. Qxh7 Be4 17. Qh5 Rc5 18. Qh6 e5 19. Nb3 Rc8 20. Nbd2 Bxc2 21.
Kh1 a5 22. e4 Nxe4 23. Nxe4 Bxe4 24. Nh4 Bd3 25. Rfd1 f5 26. Qe3 Bc2 27. Re1
Bxh4 28. Qxe5+ Qxe5 29. Rxe5+ Kd8 30. gxh4 Bxa4 31. Rxf5 Bc6 32. Raxa5 Bxg2+
33. Kxg2 Rg8+ 34. Rg5 Ke7 35. Rae5+ Kf6 36. f4 Rg6 37. Kg3 Rh8 38. Rd5 Ke7 39.
Kg4 Re6 40. h5 Re1 41. h3 Rh6 42. Rge5+ Rxe5 43. fxe5 Re6 44. Kf5 Rh6 45. Kg5
Re6 46. h4 Kf8 47. Kf5 Rh6 48. Rxd7 Rxh5+ 49. Kf6 Rh6+ 50. Kg5 Rg6+ 51. Kf5 Rh6
52. Rd4 Ke7 53. Re4 Rh5+ 54. Kg4 Rh6 55. h5 f5+ 56. Kxf5 Rxh5+ 1/2-1/2

[Event "XI Torneo Leonardo di Bona Magistrale"]
[Site "Cutro ITA"]
[Date "2005.04.28"]
[Round "6"]
[White "Mrdja, Milan"]
[Black "Cetkovic, Sergio"]
[Result "1-0"]
[WhiteElo "2373"]
[BlackElo "2121"]
[PlyCount "51"]
[EventDate "2005.04.23"]

1. e4 e5 2. Bc4 Nf6 3. d3 Bc5 4. Nf3 d6 5. c3 O-O 6. O-O Nc6 7. Bg5 a6 8. Nbd2
Na5 9. Bd5 Ba7 10. a4 Nc6 11. b4 Be6 12. b5 Bxd5 13. exd5 Ne7 14. Bxf6 gxf6 15.
Nh4 Kh8 16. Qf3 Ng6 17. Nf5 axb5 18. axb5 Bb6 19. Rxa8 Qxa8 20. Ne4 Qd8 21. g3
Ba5 22. h4 Rg8 23. h5 Ne7 24. Nh6 Rg7 25. Qxf6 Qf8 26. Ng5 1-0

[Event "XI Torneo Leonardo di Bona Magistrale"]
[Site "Cutro ITA"]
[Date "2005.04.28"]
[Round "6"]
[White "Panarello, Giuseppe"]
[Black "Voiska, Margarita"]
[Result "0-1"]
[WhiteElo "2006"]
[BlackElo "2340"]
[PlyCount "64"]
[EventDate "2005.04.23"]

1. d4 d5 2. Nf3 Nf6 3. Bf4 c6 4. e3 Nh5 5. c3 Nxf4 6. exf4 g6 7. Bd3 Bh6 8. g3
Bg4 9. O-O Qb6 10. b3 c5 11. dxc5 Qxc5 12. Nbd2 O-O 13. Rc1 Nc6 14. b4 Qb6 15.
Qb3 e5 16. Bb1 exf4 17. Rce1 fxg3 18. hxg3 Bh3 19. Bd3 Bxf1 20. Bxf1 Rfe8 21.
Rxe8+ Rxe8 22. b5 Ne7 23. c4 Nf5 24. Kg2 dxc4 25. Nxc4 Qc5 26. b6 axb6 27. Nxb6
Nd4 28. Nxd4 Qxd4 29. Nd5 Bf8 30. Qf3 Bg7 31. Qb3 Qe4+ 32. f3 Qe1 0-1

[Event "XI Torneo Leonardo di Bona Magistrale"]
[Site "Cutro ITA"]
[Date "2005.04.28"]
[Round "6"]
[White "Parrella, Alfredo"]
[Black "Hocevar, Nikola"]
[Result "0-1"]
[WhiteElo "2176"]
[BlackElo "2092"]
[PlyCount "66"]
[EventDate "2005.04.23"]

1. d4 d5 2. c4 e6 3. Nc3 Nf6 4. cxd5 exd5 5. Bg5 Be7 6. e3 O-O 7. Bd3 c6 8. Qc2
Nbd7 9. Nf3 Re8 10. O-O g6 11. Rfb1 Ne4 12. Bxe7 Qxe7 13. Bxe4 dxe4 14. Nd2 Nf6
15. b4 Nd5 16. Nxd5 cxd5 17. Nf1 Bg4 18. Qc5 Qd7 19. Rc1 Be2 20. Qc7 Re7 21.
Qxd7 Rxd7 22. Nd2 a5 23. bxa5 Rxa5 24. Rc8+ Kg7 25. Nb3 Ra3 26. Nc5 Rd6 27.
Nxb7 Rb6 28. Rc7 Rxa2 29. Rac1 Ra7 30. R7c5 Raxb7 31. Rxd5 Rb1 32. Rdc5 Rxc1+
33. Rxc1 Bd3 0-1

[Event "XI Torneo Leonardo di Bona Magistrale"]
[Site "Cutro ITA"]
[Date "2005.04.28"]
[Round "6"]
[White "Parrotta, Daniele"]
[Black "Lacrosse, Marc"]
[Result "1/2-1/2"]
[WhiteElo "2006"]
[BlackElo "2289"]
[PlyCount "89"]
[EventDate "2005.04.23"]

1. d4 d5 2. Bg5 h6 3. Bh4 c6 4. e3 Qb6 5. b3 Bf5 6. Nf3 Nd7 7. Bd3 Bxd3 8. Qxd3
e6 9. O-O Be7 10. Bxe7 Nxe7 11. c4 Qa6 12. Rd1 O-O 13. Nc3 Rfd8 14. cxd5 Qxd3
15. Rxd3 cxd5 16. Rdd1 Rdc8 17. Rac1 Rc6 18. Ne2 Rac8 19. Rxc6 Rxc6 20. Rc1 Kf8
21. Rxc6 Nxc6 22. Kf1 Ke7 23. Nc3 a6 24. Ke2 Kd6 25. Nd2 g5 26. a3 f6 27. Kd3
e5 28. f3 exd4 29. exd4 Nf8 30. g3 Ne6 31. Ne2 h5 32. Nf1 Ne7 33. Ne3 f5 34. f4
g4 35. Ng2 Nc7 36. Ne3 Ne8 37. Nc3 Nf6 38. Na4 Ne4 39. b4 Kc6 40. Nc5 a5 41.
Ne6 axb4 42. axb4 Kb5 43. Nc2 Nf2+ 44. Ke2 Ne4 45. Kd3 1/2-1/2

[Event "XI Torneo Leonardo di Bona Magistrale"]
[Site "Cutro ITA"]
[Date "2005.04.28"]
[Round "6"]
[White "Rinaldi, Francesco Saverio"]
[Black "Bentivegna, Francesco"]
[Result "1-0"]
[WhiteElo "2140"]
[BlackElo "2229"]
[PlyCount "57"]
[EventDate "2005.04.23"]

1. d4 Nf6 2. Nf3 g6 3. e3 Bg7 4. c4 O-O 5. Nc3 d5 6. b4 b6 7. Qb3 c5 8. bxc5
bxc5 9. cxd5 Na6 10. a3 Rb8 11. Qa2 Nc7 12. Bc4 Bb7 13. O-O cxd4 14. Nxd4 Ncxd5
15. Nxd5 Nxd5 16. Bb2 e6 17. Rfd1 Qe7 18. Rac1 Nb6 19. Bf1 Rfc8 20. Qa1 e5 21.
Nb5 Ba8 22. a4 Rxc1 23. Rxc1 a6 24. Ba3 Qg5 25. Bd6 Rc8 26. a5 Nc4 27. Na7 Rd8
28. Bc7 Nxe3 29. Bxd8 1-0

[Event "XI Torneo Leonardo di Bona Magistrale"]
[Site "Cutro ITA"]
[Date "2005.04.28"]
[Round "6"]
[White "Roeder, Matthias"]
[Black "Marholev, Dimitar"]
[Result "1/2-1/2"]
[WhiteElo "2404"]
[BlackElo "2395"]
[PlyCount "30"]
[EventDate "2005.04.23"]

1. d4 d6 2. Nf3 Bg4 3. c4 Nf6 4. Nc3 Nbd7 5. g3 e5 6. Bg2 c6 7. O-O Be7 8. h3
Bh5 9. d5 O-O 10. Nh4 cxd5 11. cxd5 Re8 12. Nf5 Bf8 13. Be3 a6 14. a4 Bg6 15.
Nh4 Qa5 1/2-1/2

[Event "XI Torneo Leonardo di Bona Magistrale"]
[Site "Cutro ITA"]
[Date "2005.04.28"]
[Round "6"]
[White "Sautto, Alessandra"]
[Black "Santurbano, Maria Vincenza"]
[Result "1/2-1/2"]
[WhiteElo "1968"]
[BlackElo "2043"]
[PlyCount "30"]
[EventDate "2005.04.23"]

1. e4 e5 2. Nf3 Nc6 3. Bb5 a6 4. Ba4 Nf6 5. O-O b5 6. Bb3 Be7 7. Re1 d6 8. h3
O-O 9. c3 Na5 10. Bc2 c5 11. d4 cxd4 12. cxd4 Qc7 13. Nbd2 Nc6 14. d5 Nb4 15.
Bb1 a5 1/2-1/2

[Event "XI Torneo Leonardo di Bona Magistrale"]
[Site "Cutro ITA"]
[Date "2005.04.28"]
[Round "6"]
[White "Sautto, Daniele"]
[Black "De Rosa, Mariagrazia"]
[Result "0-1"]
[WhiteElo "2119"]
[BlackElo "2081"]
[PlyCount "40"]
[EventDate "2005.04.23"]

1. e4 c5 2. Nf3 d6 3. Nc3 a6 4. Be2 e6 5. O-O Nc6 6. d4 cxd4 7. Nxd4 Nf6 8. Be3
Be7 9. f4 Qc7 10. g4 Nxd4 11. Qxd4 e5 12. Qd2 Bxg4 13. Bxg4 Nxg4 14. Nd5 Qc4
15. Rae1 Bh4 16. Re2 Bd8 17. Rg2 f5 18. exf5 Nxe3 19. Nxe3 Bb6 20. Kh1 Bxe3 0-1

[Event "XI Torneo Leonardo di Bona Magistrale"]
[Site "Cutro ITA"]
[Date "2005.04.28"]
[Round "6"]
[White "Scerbo, Antonio"]
[Black "Blasco, Domenico"]
[Result "1-0"]
[WhiteElo "2097"]
[BlackElo "2004"]
[PlyCount "79"]
[EventDate "2005.04.23"]

1. d4 g6 2. c4 Bg7 3. Nc3 d6 4. e4 Nc6 5. Be3 e5 6. d5 Nce7 7. c5 f5 8. f3 Nf6
9. cxd6 cxd6 10. Qa4+ Bd7 11. Qb4 fxe4 12. fxe4 Ng4 13. Bg5 h6 14. Bd2 O-O 15.
Nf3 a5 16. Qxd6 Nc8 17. Qc5 b6 18. Qg1 Nd6 19. Bd3 b5 20. h3 Nf6 21. Qc5 Nfe8
22. O-O Rc8 23. Qe3 Nc4 24. Bxc4 Rxc4 25. Rac1 Nd6 26. a3 b4 27. axb4 axb4 28.
Na2 Rxe4 29. Qc5 Qb8 30. Bxb4 Nf5 31. Bc3 Rc8 32. Qa5 Qb7 33. Nb4 Re2 34. Rfe1
Rxe1+ 35. Rxe1 Ra8 36. Qc5 Rc8 37. Qf2 h5 38. Nxe5 Be8 39. Nbc6 Qd7 40. Nxd7
1-0